Statistics for Largest city in each US state that isn't a capital

Click here to take the quiz!

General Stats

  • This quiz has been taken 134 times
    (105 since last reset)
  • The average score is 36 of 50

Answer Stats

StateCity% Correct
CaliforniaLos Angeles
100%
New YorkNew York
94%
IllinoisChicago
93%
AlaskaAnchorage
92%
TexasHouston
91%
FloridaJacksonville
91%
NevadaLas Vegas
91%
WashingtonSeattle
91%
MichiganDetroit
90%
OregonPortland
90%
MainePortland
90%
LouisianaNew Orleans
88%
OhioCleveland
86%
PennsylvaniaPhiladelphia
86%
ArizonaTucson
86%
ColoradoColorado Springs
85%
MissouriKansas City
85%
KentuckyLouisville
85%
TennesseeMemphis
85%
AlabamaBirmingham
83%
MarylandBaltimore
81%
North CarolinaCharlotte
81%
MinnesotaMinneapolis
81%
OklahomaTulsa
80%
New MexicoAlbuquerque
79%
WisconsinMilwaukee
79%
NebraskaOmaha
78%
KansasWichita
77%
New JerseyNewark
74%
South DakotaSioux Falls
74%
North DakotaFargo
71%
VirginiaVirginia Beach
71%
MontanaBillings
70%
South CarolinaCharleston
66%
DelawareWilmington
64%
ConnecticutBridgeport
62%
IndianaFort Wayne
60%
VermontBurlington
58%
WyomingCasper
55%
GeorgiaAugusta
53%
New HampshireManchester
53%
ArkansasFayetteville
51%
IowaCedar Rapids
49%
MassachusetsWorcester
47%
MississippiGulfport
38%
UtahWest Valley City
30%
IdahoMeridian
28%
West VirginiaHuntington
26%
HawaiiEast Honolulu
22%
Rhode IslandCranston
20%

Score Distribution

Percentile by Number Answered

Percent of People with Each Score

Your Score History

You have not taken this quiz since the last reset